000 00423nam a2200181Ia 4500
005 20240823044114.0
008 240823s9999||||xx |||||||||||||| ||und||
020 _a81-8029-878-4
041 _aENGLISH
082 _A005.133 N7
100 _aMarco Cantu
245 0 _aMastering Delphi 3
250 _a2nd
260 _c1997
_bBPB PUBLIC
500 _aTRANSFERED
650 _aDelphi
_bComputer Science
942 _cBK
999 _c211788
_d211788